[Event "World Corporate East F"]
[Site "Chess.com INT"]
[Date "2021.02.20"]
[Round "6.10"]
[White "Stock, Ulrich"]
[Black "Hansen, Martin Hoj"]
[Result "1/2-1/2"]
[WhiteElo "2032"]
[BlackElo "1861"]
[PlyCount "140"]
[EventDate "2021.02.19"]
[EventType "team (rapid)"]
[EventRounds "7"]
[EventCountry "USA"]
[SourceTitle "EXT 2022"]
[Source "ChessBase"]
[SourceDate "2021.10.06"]
[SourceVersion "1"]
[SourceVersionDate "2021.10.06"]
[SourceQuality "1"]
[WhiteTeam "Die Zeit"]
[BlackTeam "Arla Foods"]
[WhiteTeamCountry "GER"]
[BlackTeamCountry "DEN"]

1. e4 e5 2. f4 exf4 3. Nf3 Be7 4. Nc3 Bh4+ 5. Ke2 Be7 6. d4 d6 7. Bxf4 Nf6 8. Qd3 Bg4 9. Re1 Nc6 10. a3 Qd7 11. Kd2 0-0-0 12. Kc1 Rhe8 13. d5 Ne5 14. Bxe5 dxe5 15. Nxe5 Qd6 16. Nxf7 Qf4+ 17. Kb1 Rd7 18. g3 Qf3 19. Be2 Qxd3 20. cxd3 Bxa3 21. Bxg4 Nxg4 22. Ng5 Bb4 23. Ne6 Nf2 24. Rhf1 Nxd3 25. Re3 Ne5 26. h3 c6 27. g4 cxd5 28. Nxd5 Rxe6 29. Nxb4 Rd4 30. Nd5 Kd7 31. Rc1 Rc6 32. Rec3 Rxc3 33. Rxc3 Rc4 34. Rxc4 Nxc4 35. Kc2 Ne3+ 36. Kd3 Ng2 37. b3 Nh4 38. Ke3 Ng6 39. Kd4 Ne7 40. Nxe7 Kxe7 41. Kd5 Kd7 42. b4 a6 43. e5 b6 44. g5 a5 45. b5 a4 46. Kc4 Ke6 47. Kb4 Kxe5 48. Kxa4 Kf4 49. h4 Kg4 50. Kb4 Kxh4 51. Kc4 Kxg5 52. Kd5 h5 53. Kc6 h4 54. Kxb6 h3 55. Kc7 h2 56. b6 h1Q 57. b7 Qc1+ 58. Kd8 Qb2 59. Kc7 Qc3+ 60. Kd8 Qb4 61. Kc8 Qc5+ 62. Kd8 Qb6+ 63. Kc8 Qc6+ 64. Kb8 Kf6 65. Ka7 Qa4+ 66. Kb6 Qb4+ 67. Kc7 Qc5+ 68. Kb8 Ke7 69. Ka8 Qa5+ 70. Kb8 Kd7 1/2-1/2

[Event "World Corporate East F"]
[Site "Chess.com INT"]
[Date "2021.02.19"]
[Round "3.10"]
[White "Hansen, Martin Hoj"]
[Black "Firsov, Stepan"]
[Result "1-0"]
[WhiteElo "1861"]
[BlackElo "1842"]
[PlyCount "75"]
[EventDate "2021.02.19"]
[EventType "team (rapid)"]
[EventRounds "7"]
[EventCountry "USA"]
[SourceTitle "EXT 2022"]
[Source "ChessBase"]
[SourceDate "2021.10.06"]
[SourceVersion "1"]
[SourceVersionDate "2021.10.06"]
[SourceQuality "1"]
[WhiteTeam "Arla Foods"]
[BlackTeam "Epam Ukraine"]
[WhiteTeamCountry "DEN"]
[BlackTeamCountry "UKR"]

1. e4 c5 2. Nc3 Nc6 3. d3 d6 4. g3 g6 5. Bg2 Bg7 6. f4 Nf6 7. Nf3 e5 8. 0-0 0-0 9. Be3 exf4 10. Bxf4 Nh5 11. Be3 a6 12. Qd2 Bg4 13. Bh6 Qd7 14. Bxg7 Kxg7 15. Nd5 Ne7 16. Nb6 Qb5 17. Nxa8 Rxa8 18. c3 Re8 19. Ng5 f6 20. Nf3 Qd7 21. Rae1 b5 22. d4 Qe6 23. b3 Bh3 24. e5 Bxg2 25. Kxg2 dxe5 26. dxe5 f5 27. Qe3 Qc6 28. Rd1 Nd5 29. Qd2 Rd8 30. Qe1 Re8 31. Qd2 Rd8 32. Kf2 h6 33. c4 bxc4 34. bxc4 Nc3 35. Qxd8 Nxd1+ 36. Rxd1 Kh7 37. Rd7+ Ng7 38. Qe7 1-0

[Event "World Corporate East F"]
[Site "Chess.com INT"]
[Date "2021.02.19"]
[Round "2.9"]
[White "Praveen, Kumar Pugazhendhi"]
[Black "Hansen, Martin Hoj"]
[Result "1-0"]
[WhiteElo "1589"]
[BlackElo "1861"]
[PlyCount "51"]
[EventDate "2021.02.19"]
[EventType "team (rapid)"]
[EventRounds "7"]
[EventCountry "USA"]
[SourceTitle "EXT 2022"]
[Source "ChessBase"]
[SourceDate "2021.10.06"]
[SourceVersion "1"]
[SourceVersionDate "2021.10.06"]
[SourceQuality "1"]
[WhiteTeam "Tata Consultancy Services Bangalore"]
[BlackTeam "Arla Foods"]
[WhiteTeamCountry "IND"]
[BlackTeamCountry "DEN"]

1. d4 f5 2. c4 Nf6 3. Nc3 e6 4. Nf3 b6 5. Bg5 Be7 6. e3 Bb7 7. Be2 0-0 8. h3 d6 9. a3 Ne4 10. Bxe7 Qxe7 11. Nxe4 Bxe4 12. 0-0 Nd7 13. Rc1 f4 14. Nd2 Bb7 15. Bf3 Bxf3 16. Nxf3 fxe3 17. fxe3 Rf5 18. Rc2 Raf8 19. Rcf2 Qf6 20. Kh2 e5 21. g4 Rxf3 22. Rxf3 Qe6 23. Rxf8+ Nxf8 24. Qf3 Ng6 25. Qa8+ Nf8 26. Qxf8# 1-0